000 00649nam a22001937a 4500
005 20180503103029.0
010 _aENG-122832
020 _a9789385289217
_c1095.00
035 _aEN-106364
037 _bDBAD/PUB
082 _a921
100 _aSingh, M.K.
245 _aSyama Prasad Mukherjee /
_cby Singh, M.K.
260 _aNew Delhi
_bSolar Books
_c2017
270 _a4239A/1, Veer Sadan, Ansari Road (Behind Delhi Hospital), Darya Ganj,
_bNew Delhi
_e110002
_k011-43505201/02/03
_msales.solarbook@gmail.com
300 _aviii, 268p.
_c22cm (Hb)
500 _aIt include bibliography and index
942 _2ddc
_cEN
_mSIN
_h921
999 _c151808
_d151808